000 00759nam a2200241 4500
001 11022
003 HDC
007 cr bn ---aaaaa
008 210206c dr|noo 0 a eng d
040 _aHDC
245 0 _aMufti:
_cHaram makan jika ragu-ragu
260 _a[No place] :
_bSinar Harian,
_c[no year]
336 _atext
_2rdacontent
337 _acomputer
_2rdamedia
338 _aonline resource
_2rdacarrier
650 _aHalal certification
_9753
650 _aHalal logo
_91692
710 _aSinar Harian
856 _zRequest full-text at [email protected]
942 _2lcc
942 _cNEWS
942 _kNWSO 002212
999 _c8345
_d8345